05901 2202509 4500001002100000005001500021035002000036007000300056008004100059020000600100082001000106084002200116100003500138245004900173260003300222990001600255990001600271990001600287990001600303990001600319990001600335990001600351990001600367990001600383990001600399990001600415990001600431990001600447990001600463990001600479990001600495990001600511990001600527990001600543990001600559990001600575990001600591990001600607990001600623990001600639990001600655990001600671990001600687990001600703990001600719990001600735990001600751990001600767990001600783990001600799990001600815990001600831990001600847990001600863990001600879990001600895990001600911990001600927990001600943990001600959990001600975990001600991990001601007990001601023990001601039990001601055990001601071990001601087990001601103990001601119990001601135990001601151990001601167990001601183990001601199990001601215990001601231990001601247990001601263990001601279990001601295990001601311990001601327990001601343990001601359990001601375990001601391990001601407990001601423990001601439990001601455990001601471990001601487990001601503990001601519990001601535990001601551990001601567990001601583990001601599990001601615990001601631990001601647990001601663990001601679990001601695990001601711990001601727990001601743990001601759990001601775990001601791990001601807990001601823990001601839990001601855990001601871990001601887990001601903990001601919990001601935990001601951990001601967990001601983990001601999990001602015990001602031990001602047990001602063990001602079990001602095990001602111990001602127990001602143990001602159990001602175990001602191990001602207990001602223990001602239990001602255990001602271990001602287990001602303990001602319990001602335990001602351990001602367990001602383990001602399990001602415990001602431990001602447990001602463990001602479990001602495990001602511990001602527990001602543990001602559990001602575990001602591990001602607990001602623990001602639990001602655990001602671990001602687990001602703990001602719990001602735990001602751990001602767990001602783990001602799990001602815990001602831990001602847990001602863990001602879990001602895990001602911990001602927990001602943990001602959990001602975990001602991990001603007990001603023990001603039990001603055990001603071990001603087990001603103990001603119990001603135990001603151990001603167990001603183990001603199990001603215990001603231990001603247990001603263990001603279990001603295990001603311990001603327990001603343990001603359990001603375INLIS00000000000067520210614093635 a0010-0621000140ta210614 0 ind  a- a492.7 a492.7 DEV b c.1960 aKemenag RI- Masrukin, Devi A.N1 aBahasa Arab untuk MAIPA, IPS, Bahasa Kelas X aJakarta :bKemenag RI,c2017 a2017/h/0150 a2017/h/0151 a2017/h/0152 a2017/h/0153 a2017/h/0154 a2017/h/0155 a2017/h/0156 a2017/h/0157 a2017/h/0158 a2017/h/0159 a2017/h/0160 a2017/h/0161 a2017/h/0162 a2017/h/0163 a2017/h/0164 a2017/h/0165 a2017/h/0166 a2017/h/0167 a2017/h/0168 a2017/h/0169 a2017/h/0170 a2017/h/0171 a2017/h/0172 a2017/h/0173 a2017/h/0174 a2017/h/0175 a2017/h/0176 a2017/h/0177 a2017/h/0178 a2017/h/0179 a2017/h/0180 a2017/h/0181 a2017/h/0182 a2017/h/0183 a2017/h/0184 a2017/h/0185 a2017/h/0186 a2017/h/0187 a2017/h/0188 a2017/h/0189 a2017/h/0190 a2017/h/0191 a2017/h/0192 a2017/h/0193 a2017/h/0194 a2017/h/0195 a2017/h/0196 a2017/h/0197 a2017/h/0198 a2017/h/0199 a2017/h/0200 a2017/h/0201 a2017/h/0202 a2017/h/0203 a2017/h/0204 a2017/h/0205 a2017/h/0206 a2017/h/0207 a2017/h/0208 a2017/h/0209 a2017/h/0210 a2017/h/0211 a2017/h/0212 a2017/h/0213 a2017/h/0214 a2017/h/0215 a2017/h/0216 a2017/h/0217 a2017/h/0218 a2017/h/0219 a2017/h/0220 a2017/h/0221 a2017/h/0222 a2017/h/0223 a2017/h/0224 a2017/h/0225 a2017/h/0226 a2017/h/0227 a2017/h/0228 a2017/h/0229 a2017/h/0230 a2017/h/0231 a2017/h/0232 a2017/h/0233 a2017/h/0234 a2017/h/0235 a2017/h/0236 a2017/h/0237 a2017/h/0238 a2017/h/0239 a2017/h/0240 a2017/h/0241 a2017/h/0242 a2017/h/0243 a2017/h/0244 a2017/h/0245 a2017/h/0246 a2017/h/0247 a2017/h/0248 a2017/h/0249 a2017/h/0250 a2017/h/0251 a2017/h/0252 a2017/h/0253 a2017/h/0254 a2017/h/0255 a2017/h/0256 a2017/h/0257 a2017/h/0258 a2017/h/0259 a2017/h/0260 a2017/h/0261 a2017/h/0262 a2017/h/0263 a2017/h/0264 a2017/h/0265 a2017/h/0266 a2017/h/0267 a2017/h/0268 a2017/h/0269 a2017/h/0270 a2017/h/0271 a2017/h/0272 a2017/h/0273 a2017/h/0274 a2017/h/0275 a2017/h/0276 a2017/h/0277 a2017/h/0278 a2017/h/0279 a2017/h/0280 a2017/h/0281 a2017/h/0282 a2017/h/0283 a2017/h/0284 a2017/h/0285 a2017/h/0286 a2017/h/0287 a2017/h/0288 a2017/h/0289 a2017/h/0290 a2017/h/0291 a2017/h/0292 a2017/h/0293 a2017/h/0294 a2017/h/0295 a2017/h/0296 a2017/h/0297 a2017/h/0298 a2017/h/0299 a2017/h/0300 a2017/h/0301 a2017/h/0302 a2017/h/0303 a2017/h/0304 a2017/h/0305 a2017/h/0306 a2017/h/0307 a2017/h/0308 a2017/h/0309 a2017/h/0310 a2017/h/0311 a2017/h/0312 a2017/h/0313 a2017/h/0314 a2017/h/0315 a2017/h/0316 a2017/h/0317 a2017/h/0318 a2017/h/0319 a2017/h/0320 a2017/h/0321 a2017/h/0322 a2017/h/0323 a2017/h/0324 a2017/h/0325 a2017/h/0326 a2017/h/0327 a2017/h/0328 a2017/h/0329 a2017/h/0330 a2017/h/0331 a2017/h/0332 a2017/h/0333 a2017/h/0334 a2017/h/0335 a2017/h/0336 a2017/h/0337 a2017/h/0338 a2017/h/0339 a2017/h/0340 a2017/h/0341 a2017/h/0342 a2017/h/0343 a2017/h/0344 a2017/h/0345